[Event "12th ChessMates International, York"]
[Site "York Guildhall"]
[Date "2025.03.21"]
[Round "2.36"]
[White "Haubold, Christian"]
[Black "Westerhof, Fleur"]
[Result "1-0"]
[WhiteElo "2034"]
[BlackElo "1957"]
[PlyCount "107"]
[EventDate "2025.??.??"]
[WhiteTeam "LSJ Sachsen-Anhalt"]
[BlackTeam "Rotterdamse Schaakbond"]

1. e4 e5 2. Nf3 Nc6 3. Bb5 a6 4. Ba4 Nf6 5. O-O Be7 6. Re1 b5 7. Bb3 O-O 8. a4
Bb7 9. d3 d6 10. c3 Na5 11. Bc2 c5 12. d4 Qc7 13. d5 c4 14. Nbd2 Nd7 15. Nf1
Nc5 16. Be3 Nab3 17. Ra2 Nxa4 18. Bxb3 cxb3 19. Qxb3 Nc5 20. Bxc5 Qxc5 21. Ne3
g6 22. g4 Kh8 23. Qc2 f5 24. b4 Qc7 25. gxf5 gxf5 26. exf5 Rg8+ 27. Kh1 Bg5 28.
Nxg5 Rxg5 29. Raa1 Qf7 30. Qe4 Rc8 31. f3 Rxc3 32. Rg1 Qh5 33. Rac1 Rxg1+ 34.
Rxg1 Qf7 35. Qh4 Rc8 36. Qh6 Rd8 37. Rg6 Qc7 38. Rg5 Qf7 39. f6 Rg8 40. h4 Qf8
41. Rxg8+ Qxg8 42. Nf5 Qg6 43. Qf8+ Qg8 44. Qe7 Bxd5 45. Qg7+ Qxg7 46. fxg7+
Kg8 47. Ne7+ Kxg7 48. Nxd5 Kf7 49. Kg2 Ke6 50. Nc3 d5 51. Kf2 d4 52. Ne4 Kd5
53. Nd2 Kc6 54. Ke2 1-0

[Event "12th ChessMates International, York"]
[Site "York Guildhall"]
[Date "2025.03.21"]
[Round "2.37"]
[White "Koppenens, Oscar"]
[Black "Polzin, Gustav"]
[Result "0-1"]
[WhiteElo "1986"]
[BlackElo "1965"]
[PlyCount "120"]
[EventDate "2025.??.??"]
[WhiteTeam "Rotterdamse Schaakbond"]
[BlackTeam "LSJ Sachsen-Anhalt"]

1. e4 c6 2. Nf3 d5 3. Nc3 dxe4 4. Nxe4 Nf6 5. Qe2 Nxe4 6. Qxe4 Qa5 7. b4 Qf5 8.
Qe3 Qe6 9. Bb2 f6 10. d4 Qxe3+ 11. fxe3 Be6 12. Bd3 Nd7 13. Kf2 Bf7 14. c4 e6
15. a3 Bd6 16. Rhe1 O-O 17. e4 Rad8 18. c5 Bc7 19. Bc4 b6 20. Red1 bxc5 21.
dxc5 e5 22. Bxf7+ Kxf7 23. Nd2 Ke6 24. Ke3 g6 25. g4 f5 26. gxf5+ gxf5 27.
exf5+ Rxf5 28. Rf1 Rh5 29. Rf2 Nf6 30. Rg1 Nd5+ 31. Ke2 Nf4+ 32. Rxf4 exf4 33.
Nf3 Kd7 34. Rg7+ Kc8 35. a4 Rh6 36. Kf2 Rd7 37. Rg8+ Kb7 38. b5 Rg6 39. Rf8 Rh6
40. Bc1 Rh5 41. Ba3 Rd3 42. Bb4 Rh3 43. bxc6+ Ka6 44. Ne1 Rb3 45. Rf7 Rb2+ 46.
Kg1 Rxb4 47. Rxc7 Re3 48. Ng2 Re2 49. Rb7 Rxb7 50. cxb7 Kxb7 51. Nxf4 Ra2 52.
Nd3 a5 53. h4 Kc6 54. h5 Rxa4 55. Kf2 Rh4 56. Ne5+ Kxc5 57. Nd7+ Kb4 58. Nf6 a4
59. Kg3 Rd4 60. Nxh7 a3 0-1

[Event "12th ChessMates International, York"]
[Site "York Guildhall"]
[Date "2025.03.21"]
[Round "2.38"]
[White "Roessling, Laura Marie"]
[Black "Yantur, Arda"]
[Result "1/2-1/2"]
[WhiteElo "1614"]
[BlackElo "1811"]
[PlyCount "64"]
[EventDate "2025.??.??"]
[WhiteTeam "LSJ Sachsen-Anhalt"]
[BlackTeam "Rotterdamse Schaakbond"]

1. e4 c6 2. d4 d5 3. Nd2 dxe4 4. Nxe4 Nf6 5. Nxf6+ exf6 6. c3 Bd6 7. Bd3 Be6 8.
Qc2 h5 9. Be3 Nd7 10. Ne2 h4 11. h3 Qc7 12. O-O-O b5 13. a3 a5 14. Kd2 a4 15.
Rc1 Bb3 16. Qb1 Nb6 17. Ke1 Nc4 18. Bxc4 Bxc4 19. Qe4+ Be6 20. Nf4 Bxf4 21.
Bxf4 Qd7 22. c4 Rd8 23. cxb5 cxb5 24. Be3 Kf8 25. f3 Rh5 26. Qd3 Bc4 27. Qd2
Re8 28. Kf2 Rd5 29. Rhe1 Kg8 30. Kg1 Qf5 31. Qf2 Qd3 32. Rcd1 Qh7 1/2-1/2

[Event "12th ChessMates International, York"]
[Site "York Guildhall"]
[Date "2025.03.22"]
[Round "3.1"]
[White "Sheahan, Ben"]
[Black "Thorisson, Benedikt"]
[Result "1/2-1/2"]
[WhiteElo "2044"]
[BlackElo "2065"]
[PlyCount "55"]
[EventDate "2025.??.??"]
[WhiteTeam "Ireland"]
[BlackTeam "Iceland"]
[WhiteTeamCountry "IRL"]
[BlackTeamCountry "ISL"]

1. d4 Nf6 2. Nf3 g6 3. c4 Bg7 4. Nc3 d5 5. cxd5 Nxd5 6. e4 Nxc3 7. bxc3 c5 8.
Rb1 O-O 9. Be2 cxd4 10. cxd4 Qa5+ 11. Bd2 Qxa2 12. O-O Qe6 13. Qc2 Qd6 14. Bb4
Qd8 15. d5 b6 16. Qa4 a5 17. Qa3 Ra7 18. Bd2 Ba6 19. Bb5 Bxb5 20. Rxb5 Na6 21.
Qe3 Nc5 22. Nd4 Bxd4 23. Qxd4 f6 24. Bxa5 bxa5 25. Qxc5 Qa8 26. Ra1 a4 27. Qa3
Rb8 28. Rxb8+ 1/2-1/2

[Event "12th ChessMates International, York"]
[Site "York Guildhall"]
[Date "2025.03.22"]
[Round "3.2"]
[White "Gudmundsson, Gunnar Erik"]
[Black "O`reilly, Conor"]
[Result "1-0"]
[WhiteElo "2044"]
[BlackElo "1924"]
[PlyCount "71"]
[EventDate "2025.??.??"]
[WhiteTeam "Iceland"]
[BlackTeam "Ireland"]
[WhiteTeamCountry "ISL"]
[BlackTeamCountry "IRL"]

1. d4 Nf6 2. c4 Nc6 3. Nf3 e6 4. Nc3 Bb4 5. Qc2 O-O 6. e4 d6 7. a3 Bxc3+ 8.
bxc3 e5 9. d5 Na5 10. Bg5 b6 11. h3 Ba6 12. Nd2 h6 13. Bh4 g5 14. Bg3 Nd7 15.
Be2 Nc5 16. h4 Kg7 17. f3 Qd7 18. a4 c6 19. Nf1 Bxc4 20. Ne3 Bb3 21. Qd2 Rh8
22. Nf5+ Kg6 23. dxc6 Qe6 24. c7 d5 25. Bd3 Nxd3+ 26. Qxd3 dxe4 27. fxe4 f6 28.
hxg5 hxg5 29. Rxh8 Rxh8 30. Kf2 Nc6 31. Qb5 Kf7 32. Rh1 Re8 33. Rh7+ Kg8 34.
Re7 Rxe7 35. Qxc6 Rd7 36. c8=Q+ 1-0

[Event "12th ChessMates International, York"]
[Site "York Guildhall"]
[Date "2025.03.22"]
[Round "3.3"]
[White "Woods, Christopher"]
[Black "Omarsson, Adam"]
[Result "0-1"]
[WhiteElo "1972"]
[BlackElo "2073"]
[PlyCount "99"]
[EventDate "2025.??.??"]
[WhiteTeam "Ireland"]
[BlackTeam "Iceland"]
[WhiteTeamCountry "IRL"]
[BlackTeamCountry "ISL"]

1. e4 d6 2. d4 g6 3. Nf3 Bg7 4. Nc3 Nf6 5. Be2 O-O 6. O-O Nc6 7. Be3 Bg4 8. h3
Bxf3 9. Bxf3 e5 10. d5 Ne7 11. g4 c6 12. g5 Ne8 13. Qd3 Nc7 14. Rad1 cxd5 15.
Nxd5 Ncxd5 16. exd5 Nf5 17. Bg4 Nxe3 18. Qxe3 e4 19. Qxe4 Qxg5 20. Qe3 Qxe3 21.
fxe3 Rae8 22. Rd3 Re7 23. b3 f5 24. Be2 Bh6 25. Rf3 Rfe8 26. Kf2 f4 27. Bf1
fxe3+ 28. Ke2 Re5 29. Rf6 Rf5 30. Rxf5 gxf5 31. Rc3 Re4 32. Rc8+ Kg7 33. Rc7+
Kg6 34. Ke1 Rf4 35. Rd7 Bg7 36. Rxd6+ Kg5 37. Bd3 Rf2 38. Re6 Bc3+ 39. Kd1 Rd2+
40. Kc1 Rg2 41. Kd1 e2+ 42. Bxe2 Rg1+ 43. Bf1 Rxf1+ 44. Ke2 Re1+ 45. Kd3 Rxe6
46. dxe6 Bb4 47. Kd4 Kf6 48. Kd5 f4 49. Ke4 Bd6 50. Kd4 0-1

[Event "12th ChessMates International, York"]
[Site "York Guildhall"]
[Date "2025.03.22"]
[Round "3.4"]
[White "Hermannsson, Sigurbjorn"]
[Black "Arun, Nitish"]
[Result "0-1"]
[WhiteElo "1849"]
[BlackElo "1967"]
[PlyCount "70"]
[EventDate "2025.??.??"]
[WhiteTeam "Iceland"]
[BlackTeam "Ireland"]
[WhiteTeamCountry "ISL"]
[BlackTeamCountry "IRL"]

1. d4 Nf6 2. c4 e6 3. Nf3 d5 4. Nc3 Be7 5. Bg5 c6 6. e3 Nbd7 7. Qc2 b6 8. a3
Bb7 9. Rd1 O-O 10. Be2 Rc8 11. h4 dxc4 12. e4 c5 13. e5 Nd5 14. Ne4 f6 15. exf6
gxf6 16. Bh6 Rf7 17. g4 Bf8 18. g5 Bxh6 19. gxh6 Qf8 20. Rg1+ Kh8 21. Bxc4 cxd4
22. Nxd4 Ne5 23. b3 b5 24. Nxb5 Nf3+ 25. Ke2 Nxg1+ 26. Rxg1 Nf4+ 27. Ke1 Bxe4
28. Qxe4 Nd5 29. Rg7 Rxg7 30. hxg7+ Kxg7 31. Nd4 Nc7 32. Bxe6 Re8 33. Qb7 Qc5
34. Qg2+ Kh8 35. Qg4 Nxe6 0-1

[Event "12th ChessMates International, York"]
[Site "York Guildhall"]
[Date "2025.03.22"]
[Round "3.5"]
[White "Barnes, Oliver"]
[Black "Johannsson, Markus Orri"]
[Result "0-1"]
[WhiteElo "2027"]
[BlackElo "1871"]
[PlyCount "116"]
[EventDate "2025.??.??"]
[WhiteTeam "Ireland"]
[BlackTeam "Iceland"]
[WhiteTeamCountry "IRL"]
[BlackTeamCountry "ISL"]

1. d4 d5 2. Nf3 e6 3. e3 Bd6 4. Bd3 Nf6 5. O-O O-O 6. b3 b6 7. Bb2 Bb7 8. Nbd2
c6 9. Ne5 Nbd7 10. f4 Qc7 11. Rf3 Rfc8 12. Rh3 Nf8 13. Ndf3 Ne4 14. Qe2 a5 15.
a3 Qe7 16. Nd2 f5 17. c4 a4 18. b4 Bxe5 19. dxe5 Nxd2 20. Qxd2 dxc4 21. Bxc4 c5
22. bxc5 Rxc5 23. Rc1 Rac8 24. Bd3 Ng6 25. Rxc5 Qxc5 26. Kf1 Rd8 27. Qe2 Qc6
28. Rg3 Kf7 29. Bc4 Qe4 30. Bc3 Qb1+ 31. Kf2 Qc1 32. Bb4 Rc8 33. Bd3 Ba6 34.
Rg5 Nxf4 35. exf4 Qxf4+ 36. Qf3 Qd4+ 37. Qe3 Qxd3 38. Qxd3 Bxd3 39. Ke3 Be4 40.
Rh5 Kg6 41. Rh3 h5 42. Rg3+ Kh6 43. Kf4 Bd5 44. Ke3 Rc2 45. Bf8 f4+ 46. Kxf4
Rf2+ 47. Rf3 Bxf3 48. gxf3 Rxh2 49. Kg3 Rc2 50. f4 Kg6 51. Bd6 Kf5 52. Bb4 h4+
53. Kxh4 Rg2 54. Kh3 Rg4 55. Bd2 Rxf4 56. Kg3 Re4 57. Kf3 Rxe5 58. Bc3 Rb5 0-1

[Event "12th ChessMates International, York"]
[Site "York Guildhall"]
[Date "2025.03.22"]
[Round "3.6"]
[White "Briem, Gudrun Fanney"]
[Black "Duan, Yinan"]
[Result "0-1"]
[WhiteElo "1868"]
[BlackElo "1801"]
[PlyCount "126"]
[EventDate "2025.??.??"]
[WhiteTeam "Iceland"]
[BlackTeam "Ireland"]
[WhiteTeamCountry "ISL"]
[BlackTeamCountry "IRL"]

1. d4 d5 2. c4 e6 3. Nf3 Nf6 4. g3 Bb4+ 5. Bd2 Be7 6. Bg2 O-O 7. O-O c6 8. b3
Nbd7 9. Nc3 b6 10. Bf4 Ba6 11. Qd3 dxc4 12. bxc4 Nd5 13. e4 Nxf4 14. gxf4 c5
15. d5 exd5 16. exd5 Bd6 17. Ng5 g6 18. Nh3 Qh4 19. Rfe1 Rae8 20. Nb5 Bxb5 21.
cxb5 Bxf4 22. Re4 Rxe4 23. Qxe4 Qf6 24. Rd1 Bd6 25. f4 Qe7 26. Qxe7 Bxe7 27. d6
Bf6 28. Bc6 Rd8 29. Bxd7 Rxd7 30. Rd5 Kg7 31. Kg2 Bh4 32. Ng1 f5 33. Nf3 Bf6
34. Ne5 Bxe5 35. fxe5 Kf7 36. Rd3 Ke6 37. Re3 g5 38. Kf3 c4 39. Ke2 Rd8 40. Kd2
Rc8 41. Kc3 h5 42. Kd4 g4 43. Ra3 Ra8 44. h3 h4 45. hxg4 fxg4 46. Ke4 h3 47.
Re3 Rc8 48. Kf4 c3 49. d7 Kxd7 50. Rd3+ Ke7 51. Rd1 c2 52. Rc1 Rc4+ 53. Kg3 Ke6
54. a4 Kxe5 55. Kh2 Kf4 56. Rf1+ Ke3 57. Rc1 Kd2 58. Rg1 c1=Q 59. Rxc1 Rxc1 60.
a5 bxa5 61. b6 axb6 62. Kg3 Rh1 63. Kf2 a4 0-1

[Event "12th ChessMates International, York"]
[Site "York Guildhall"]
[Date "2025.03.22"]
[Round "3.7"]
[White "Bartczak, Korneliusz"]
[Black "B. Berglindardottir, Emilia Embla"]
[Result "1-0"]
[WhiteElo "1938"]
[BlackElo "1619"]
[PlyCount "75"]
[EventDate "2025.??.??"]
[WhiteTeam "Ireland"]
[BlackTeam "Iceland"]
[WhiteTeamCountry "IRL"]
[BlackTeamCountry "ISL"]

1. d4 Nf6 2. c4 g6 3. Nc3 Bg7 4. e4 d6 5. Be3 O-O 6. Be2 Nbd7 7. g4 e5 8. d5
Nc5 9. Bxc5 dxc5 10. g5 Nd7 11. h4 h5 12. gxh6 Bxh6 13. Qd3 Nf6 14. h5 g5 15.
Qg3 Qe7 16. Nf3 Ng4 17. Nd2 Nf6 18. O-O-O a6 19. Kb1 Bd7 20. Nf3 Ng4 21. d6
cxd6 22. Nd5 Qd8 23. Nxg5 Qxg5 24. Bxg4 Bxg4 25. Qxg4 Qxg4 26. Nf6+ Kg7 27.
Nxg4 Rad8 28. Rhg1 Kh7 29. Nf6+ Kh8 30. Rd3 Bg7 31. Nd5 Rg8 32. Ne7 Rge8 33.
Nf5 Bf8 34. Rdg3 Kh7 35. Rg8 Re6 36. R1g7+ Bxg7 37. Rxd8 f6 38. Rd7 1-0

[Event "12th ChessMates International, York"]
[Site "York Guildhall"]
[Date "2025.03.22"]
[Round "3.8"]
[White "Alguno Openia, Tristan Nash"]
[Black "Cole, Ethan"]
[Result "0-1"]
[WhiteElo "1576"]
[BlackElo "1900"]
[PlyCount "98"]
[EventDate "2025.??.??"]
[WhiteTeam "Iceland"]
[BlackTeam "Ireland"]
[WhiteTeamCountry "ISL"]
[BlackTeamCountry "IRL"]

1. d4 Nf6 2. c4 g6 3. Nc3 Bg7 4. e4 d6 5. Be2 O-O 6. Bg5 Nbd7 7. h4 h6 8. Be3
e5 9. d5 Nc5 10. Qc2 a5 11. h5 g5 12. f3 c6 13. g4 cxd5 14. cxd5 Bd7 15. Bf1
Rc8 16. Qd2 Ne8 17. Nge2 b5 18. Ng3 b4 19. Nd1 Nc7 20. Nf5 Nb5 21. Qf2 a4 22.
Nxd6 Nxd6 23. Bxc5 Qf6 24. Bxb4 Rfd8 25. Be2 Nb5 26. O-O Nd4 27. Ne3 Qf4 28.
Rac1 Nxe2+ 29. Qxe2 Bb5 30. Nc4 Rxd5 31. exd5 Rxc4 32. Qd2 Rxb4 33. Qxf4 Rxf4
34. Rfd1 Rd4 35. Rxd4 exd4 36. Rc2 d3 37. Rd2 Bd4+ 38. Kg2 Be3 39. Rd1 d2 40.
f4 Be2 41. Rxd2 Bxd2 42. fxg5 Bxg5 43. Kg3 Bc4 44. b3 axb3 45. axb3 Bxb3 46. d6
Kf8 47. d7 Ke7 48. d8=Q+ Kxd8 49. Kh3 Ke7 0-1

[Event "12th ChessMates International, York"]
[Site "York Guildhall"]
[Date "2025.03.22"]
[Round "3.9"]
[White "White, Nicole"]
[Black "Jonsson, Tristan Fannar"]
[Result "1/2-1/2"]
[WhiteElo "1727"]
[BlackElo "1557"]
[PlyCount "87"]
[EventDate "2025.??.??"]
[WhiteTeam "Ireland"]
[BlackTeam "Iceland"]
[WhiteTeamCountry "IRL"]
[BlackTeamCountry "ISL"]

1. c4 e5 2. g3 c6 3. Nf3 e4 4. Nd4 d5 5. cxd5 cxd5 6. d3 Nf6 7. Nc3 Bc5 8. Nc2
O-O 9. Bg2 Bf5 10. d4 Be7 11. O-O Nc6 12. Ne3 Bg6 13. Qa4 a6 14. a3 b5 15. Qd1
Rc8 16. Nc2 Qd7 17. e3 Bf5 18. Bd2 Bh3 19. Na2 h6 20. Ncb4 Nxb4 21. Nxb4 Bxg2
22. Kxg2 a5 23. Na2 a4 24. Bb4 Rc7 25. Bxe7 Qxe7 26. Nb4 Rfc8 27. Qd2 Qd6 28.
Rac1 Nd7 29. Rxc7 Rxc7 30. Rc1 Nb6 31. Rxc7 Qxc7 32. Qe2 Qd7 33. f3 f5 34. fxe4
fxe4 35. Qh5 Qe6 36. Kf2 Qf7+ 37. Qxf7+ Kxf7 38. Ke2 Ke6 39. Na2 Kd6 40. Nc3
Kc6 41. h4 g5 42. hxg5 hxg5 43. g4 Nc4 44. Nd1 1/2-1/2

[Event "12th ChessMates International, York"]
[Site "York Guildhall"]
[Date "2025.03.22"]
[Round "3.10"]
[White "Tomasdottir, Katrin Osk"]
[Black "Andhurthi, Sreeyan"]
[Result "0-1"]
[WhiteElo "1611"]
[BlackElo "1631"]
[PlyCount "38"]
[EventDate "2025.??.??"]
[WhiteTeam "Iceland"]
[BlackTeam "Ireland"]
[WhiteTeamCountry "ISL"]
[BlackTeamCountry "IRL"]

1. d4 Nf6 2. c4 c5 3. d5 b5 4. cxb5 a6 5. bxa6 Bxa6 6. Nc3 d6 7. Nf3 g6 8. e4
Bxf1 9. Kxf1 Bg7 10. g3 O-O 11. Kg2 Nbd7 12. a4 Qa5 13. Ra3 Rfb8 14. Qc2 Ng4
15. Nd2 Nde5 16. Nb5 Qb6 17. b3 Rc8 18. Bb2 c4 19. h3 Qxf2# 0-1

[Event "12th ChessMates International, York"]
[Site "York Guildhall"]
[Date "2025.03.22"]
[Round "3.11"]
[White "Shnurov, Daniil"]
[Black "Badacsonyi, Stanley"]
[Result "1/2-1/2"]
[WhiteElo "2164"]
[BlackElo "2334"]
[PlyCount "58"]
[EventDate "2025.??.??"]
[WhiteTeam "Estonia"]
[BlackTeam "England"]
[WhiteTeamCountry "EST"]
[BlackTeamCountry "ENG"]

1. Nf3 Nf6 2. g3 g6 3. Bg2 Bg7 4. O-O O-O 5. d4 d6 6. c4 c5 7. dxc5 dxc5 8. Ne5
Qd4 9. Qxd4 cxd4 10. e3 dxe3 11. Bxe3 Ne4 12. Bxe4 Bxe5 13. Nc3 Nc6 14. Rac1
Bf5 15. b3 Rfd8 16. Bxf5 gxf5 17. Rfd1 Rxd1+ 18. Nxd1 Rd8 19. Kf1 a6 20. Ke2 e6
21. Nc3 Kg7 22. Na4 Bd4 23. Bxd4+ Nxd4+ 24. Ke3 e5 25. Nc5 Rb8 26. b4 f6 27. a4
Kf7 28. a5 Ke7 29. Rd1 Rd8 1/2-1/2

[Event "12th ChessMates International, York"]
[Site "York Guildhall"]
[Date "2025.03.22"]
[Round "3.13"]
[White "Gorkov, Kirill"]
[Black "Pereslavtsev, Alexandr"]
[Result "1/2-1/2"]
[WhiteElo "2086"]
[BlackElo "2095"]
[PlyCount "90"]
[EventDate "2025.??.??"]
[WhiteTeam "Estonia"]
[BlackTeam "England"]
[WhiteTeamCountry "EST"]
[BlackTeamCountry "ENG"]

1. e4 c5 2. Be2 Nc6 3. f4 e6 4. Nf3 d5 5. d3 Bd6 6. c3 f6 7. O-O Nge7 8. Na3 a6
9. Qe1 O-O 10. Nc2 b5 11. Be3 Bb7 12. Qf2 c4 13. Rad1 Qb8 14. dxc4 dxc4 15. g3
e5 16. f5 a5 17. a4 bxa4 18. Bxc4+ Kh8 19. g4 Nd8 20. Bc5 Bxc5 21. Qxc5 Bxe4
22. Qxe7 Nc6 23. Qc5 Bxc2 24. Qxc6 Rc8 25. Qb5 Qa7+ 26. Kh1 Rab8 27. Rd7 Qe3
28. Qd5 Be4 29. Qd1 h5 30. Bd5 hxg4 31. Bxe4 Qxe4 32. Qe1 Qxf5 33. Nxe5 Qxe5
34. Qh4+ Kg8 35. Qxg4 f5 36. Qxf5 Qxf5 37. Rxf5 Rxb2 38. Rg5 Re2 39. Rgxg7+ Kf8
40. Rh7 Kg8 41. Rdg7+ Kf8 42. Ra7 Kg8 43. Rhg7+ Kf8 44. Rgf7+ Kg8 45. Rg7+ Kf8
1/2-1/2

[Event "12th ChessMates International, York"]
[Site "York Guildhall"]
[Date "2025.03.22"]
[Round "3.14"]
[White "Patel, Keatan"]
[Black "Rajandu, Aaron"]
[Result "1/2-1/2"]
[WhiteElo "1985"]
[BlackElo "1869"]
[PlyCount "83"]
[EventDate "2025.??.??"]
[WhiteTeam "England"]
[BlackTeam "Estonia"]
[WhiteTeamCountry "ENG"]
[BlackTeamCountry "EST"]

1. Nf3 Nf6 2. g3 d5 3. d4 c6 4. Bg2 Bf5 5. O-O e6 6. Nbd2 Nbd7 7. c4 Be7 8. Qb3
Qb6 9. Re1 h6 10. Nf1 O-O 11. c5 Qxb3 12. axb3 b6 13. b4 a5 14. bxa5 bxc5 15.
dxc5 Bxc5 16. Be3 Bb4 17. Bd2 Bxd2 18. N1xd2 c5 19. Ra2 Rfb8 20. Rea1 Ne4 21.
Nxe4 Bxe4 22. Nd2 Bxg2 23. Kxg2 Ra6 24. h4 Ne5 25. Rc1 Rb5 26. e4 c4 27. exd5
exd5 28. b3 Rbxa5 29. Rxa5 Rxa5 30. bxc4 Ra2 31. c5 Rxd2 32. c6 Nxc6 33. Rxc6
Kf8 34. Kf3 d4 35. Rc7 Ke8 36. Ra7 d3 37. Ra3 Ke7 38. Ke3 Re2+ 39. Kf3 Rd2 40.
Ke3 Re2+ 41. Kf3 Rd2 42. Ke4 1/2-1/2

[Event "12th ChessMates International, York"]
[Site "York Guildhall"]
[Date "2025.03.22"]
[Round "3.15"]
[White "Magi, Ramon"]
[Black "Marsden, Samuel"]
[Result "0-1"]
[WhiteElo "1798"]
[BlackElo "2049"]
[PlyCount "66"]
[EventDate "2025.??.??"]
[WhiteTeam "Estonia"]
[BlackTeam "England"]
[WhiteTeamCountry "EST"]
[BlackTeamCountry "ENG"]

1. d4 Nf6 2. Nc3 d5 3. Bf4 g6 4. e3 Bg7 5. h4 h5 6. Bd3 c6 7. Nf3 Bg4 8. O-O
O-O 9. Qe2 Nbd7 10. Rad1 Bxf3 11. Qxf3 Ng4 12. e4 e5 13. dxe5 Ngxe5 14. Bxe5
Nxe5 15. Qg3 d4 16. Be2 Qa5 17. Rxd4 Nf3+ 18. Qxf3 Bxd4 19. Rd1 Bxc3 20. Qxc3
Qxc3 21. bxc3 Rad8 22. Bd3 Kg7 23. a4 Rfe8 24. f4 Rxe4 25. Rb1 Rxf4 26. Rxb7
Rxa4 27. g3 Ra8 28. Rc7 Rg4 29. Rxc6 Rxg3+ 30. Kh2 Rg4 31. Kh3 a5 32. Bc4 a4
33. Rc7 Rxc4 0-1

[Event "12th ChessMates International, York"]
[Site "York Guildhall"]
[Date "2025.03.22"]
[Round "3.16"]
[White "Welling, Zac"]
[Black "Kryshtafor, Maksym"]
[Result "1-0"]
[WhiteElo "1976"]
[BlackElo "1722"]
[PlyCount "89"]
[EventDate "2025.??.??"]
[WhiteTeam "England"]
[BlackTeam "Estonia"]
[WhiteTeamCountry "ENG"]
[BlackTeamCountry "EST"]

1. e4 e5 2. Nf3 Nc6 3. Bc4 Nf6 4. Ng5 d5 5. exd5 Na5 6. Bb5+ c6 7. dxc6 bxc6 8.
Bd3 Nd5 9. Nf3 Bd6 10. O-O Nf4 11. Re1 Nxd3 12. cxd3 O-O 13. Nc3 Ba6 14. Ne4
Bxd3 15. Nxd6 Qxd6 16. Nxe5 Rfe8 17. Nxd3 Qxd3 18. b3 c5 19. Bb2 c4 20. Bc3
Rxe1+ 21. Qxe1 Nc6 22. Qe3 Qd5 23. bxc4 Qxc4 24. Re1 h6 25. Qe4 Qc5 26. Qg4 Qf8
27. h3 Nd8 28. Re8 Ne6 29. Rxf8+ Rxf8 30. Qa4 Ra8 31. Qa6 g5 32. Qb7 Re8 33.
Qxa7 Nf4 34. Qa6 Re6 35. Qc8+ Kh7 36. Qh8+ Kg6 37. Qg7+ Kh5 38. Qxf7+ Kh4 39.
Qf5 Ne2+ 40. Kh2 Re4 41. Qxe4+ Kh5 42. Qxe2+ Kg6 43. Qe6+ Kh5 44. g4+ Kh4 45.
Qxh6# 1-0

[Event "12th ChessMates International, York"]
[Site "York Guildhall"]
[Date "2025.03.22"]
[Round "3.17"]
[White "Kais, Kristofer"]
[Black "Lebedev, Lion"]
[Result "0-1"]
[WhiteElo "1778"]
[BlackElo "2038"]
[PlyCount "142"]
[EventDate "2025.??.??"]
[WhiteTeam "Estonia"]
[BlackTeam "England"]
[WhiteTeamCountry "EST"]
[BlackTeamCountry "ENG"]

1. d4 d5 2. Bf4 Nf6 3. e3 c5 4. c3 Qb6 5. Qb3 c4 6. Qc2 g6 7. Nd2 Bf5 8. Qc1
Nc6 9. h3 Bg7 10. Ngf3 O-O 11. Be2 Nd7 12. Nh4 Bd3 13. Bxd3 cxd3 14. Nhf3 f6
15. e4 e5 16. Be3 exd4 17. cxd4 Nb4 18. O-O Rac8 19. Qd1 Nc2 20. Rb1 Nxe3 21.
fxe3 Rfe8 22. exd5 Rxe3 23. Rc1 Rxc1 24. Qxc1 Re8 25. Qc3 Qd6 26. Qxd3 Qxd5 27.
Rc1 f5 28. Qb3 Nb6 29. Rc7 Rb8 30. Qxd5+ Nxd5 31. Rd7 Nf6 32. Rc7 Ne4 33. Nxe4
fxe4 34. Ne5 Rd8 35. Rc4 Bxe5 36. dxe5 Rd1+ 37. Kh2 e3 38. Re4 Rd2 39. e6 Kf8
40. Rxe3 Rxb2 41. a3 Ke7 42. Kg3 Rb6 43. Rc3 Rc6 44. Rb3 b6 45. Rb4 Rc3+ 46.
Kf4 Rxa3 47. Re4 Ra5 48. g4 Rb5 49. Rc4 Rc5 50. Re4 a5 51. h4 b5 52. g5 Rc4 53.
h5 Rxe4+ 54. Kxe4 Kxe6 55. hxg6 hxg6 56. Kd4 Kf5 57. Kc5 a4 58. Kb4 Kxg5 59.
Ka3 Kf4 60. Ka2 g5 61. Ka3 g4 62. Ka2 g3 63. Ka3 g2 64. Kb4 g1=Q 65. Ka5 Qc5
66. Ka6 b4 67. Kb7 Ke5 68. Ka6 Kd6 69. Kb7 Qc6+ 70. Ka7 Qb5 71. Ka8 Kc7 0-1

[Event "12th ChessMates International, York"]
[Site "York Guildhall"]
[Date "2025.03.22"]
[Round "3.18"]
[White "Ashton, Alannah"]
[Black "Voropaiev, Illia"]
[Result "1-0"]
[WhiteElo "1863"]
[BlackElo "1730"]
[PlyCount "91"]
[EventDate "2025.??.??"]
[WhiteTeam "England"]
[BlackTeam "Estonia"]
[WhiteTeamCountry "ENG"]
[BlackTeamCountry "EST"]

1. e4 c5 2. Nf3 Nc6 3. d4 cxd4 4. Nxd4 g6 5. c4 Bg7 6. Be3 Nf6 7. Nc3 Ng4 8.
Qxg4 Nxd4 9. Qd1 Ne6 10. Qd2 h6 11. Be2 b6 12. f4 Bb7 13. O-O Nc5 14. Bf3 a5
15. b3 Bc6 16. f5 gxf5 17. exf5 Bxf3 18. Rxf3 Ne4 19. Nxe4 Bxa1 20. f6 d6 21.
fxe7 Kxe7 22. Bxh6 Rxh6 23. Qxh6 Be5 24. Ng5 Kd7 25. Rxf7+ Kc6 26. Ne6 Qc8 27.
Rc7+ Qxc7 28. Nxc7 Kxc7 29. Qh7+ Kb8 30. Qd7 Ra7 31. Qd8+ Kb7 32. g4 Ra8 33.
Qd7+ Ka6 34. h4 Bg3 35. h5 Bf4 36. g5 Rh8 37. Qb5+ Ka7 38. g6 Be5 39. Qd7+ Ka6
40. Qf5 Rh6 41. Qc8+ Ka7 42. Qd7+ Ka6 43. g7 Bxg7 44. Qxg7 Rxh5 45. Qf8 Kb7 46.
Qf7+ 1-0

[Event "12th ChessMates International, York"]
[Site "York Guildhall"]
[Date "2025.03.22"]
[Round "3.19"]
[White "Jevglevski, Lev"]
[Black "Verbytski, Oleg"]
[Result "1-0"]
[WhiteElo "1551"]
[BlackElo "2111"]
[PlyCount "111"]
[EventDate "2025.??.??"]
[WhiteTeam "Estonia"]
[BlackTeam "England"]
[WhiteTeamCountry "EST"]
[BlackTeamCountry "ENG"]

1. e4 c5 2. Nf3 d6 3. d4 cxd4 4. Nxd4 Nf6 5. Nc3 a6 6. Bg5 Nbd7 7. f4 e6 8. Qf3
Qc7 9. O-O-O Be7 10. g4 b5 11. a3 Bb7 12. Bxf6 Nxf6 13. g5 Nd7 14. h4 Rc8 15.
Bh3 Nc5 16. Kb1 Qb6 17. Rhe1 b4 18. axb4 Qxb4 19. Rf1 Rb8 20. b3 a5 21. f5 e5
22. f6 gxf6 23. gxf6 Bf8 24. Nf5 Nxe4 25. Ng7+ Kd8 26. Na2 Nd2+ 27. Rxd2 Qxd2
28. Qg4 Bc8 29. Nf5 a4 30. Qxa4 Be6 31. Qa7 Rc8 32. Qb6+ Ke8 33. Qb5+ Kd8 34.
Qb6+ Rc7 35. Nb4 Qc3 36. Rd1 d5 37. Nd6 d4 38. Rd3 Qe1+ 39. Kb2 Bxh3 40. Nd5
Kd7 41. Qxc7+ Ke6 42. Qxf7+ Kxd6 43. Rxh3 Qa5 44. Ne7 Qc5 45. Nf5+ Kc6 46. Qe8+
Kb7 47. Qf7+ Qc7 48. Qd5+ Qc6 49. Qxe5 Qa6 50. Ne7 Bh6 51. Qxd4 Qf1 52. Qd7+
Kb6 53. Nd5+ Ka6 54. Qc6+ Ka7 55. Qb6+ Ka8 56. Nc7# 1-0

[Event "12th ChessMates International, York"]
[Site "York Guildhall"]
[Date "2025.03.22"]
[Round "3.20"]
[White "Norris, Zack"]
[Black "Voropaiev, Vladyslav"]
[Result "1-0"]
[WhiteElo "1929"]
[BlackElo "1478"]
[PlyCount "89"]
[EventDate "2025.??.??"]
[WhiteTeam "England"]
[BlackTeam "Estonia"]
[WhiteTeamCountry "ENG"]
[BlackTeamCountry "EST"]

1. c4 c5 2. Nc3 Nf6 3. g3 b6 4. Bg2 Nc6 5. e3 Bb7 6. d4 e6 7. d5 Ne5 8. b3 a6
9. f4 Ng6 10. e4 exd5 11. cxd5 d6 12. Nf3 Qc7 13. O-O Be7 14. Re1 O-O-O 15. f5
Ne5 16. Nxe5 dxe5 17. Be3 g6 18. Qf3 h5 19. Bg5 Qd6 20. Bh3 Kb8 21. Rad1 Nh7
22. Bxe7 Qxe7 23. Rf1 Ng5 24. Qg2 Bc8 25. f6 Qc7 26. Bxc8 Qxc8 27. h4 Nh7 28.
Rf3 Rd6 29. Qf2 Qd8 30. Rf1 Rg8 31. Kh2 g5 32. Rf5 gxh4 33. gxh4 Rg6 34. Kh3
Rdxf6 35. Qh2 Qc7 36. R1f2 Qd6 37. Nd1 Rxf5 38. Rxf5 Rf6 39. Qxe5 Qxe5 40. Rxe5
Rf4 41. Re8+ Kb7 42. Re7+ Kb8 43. e5 Rf5 44. d6 b5 45. Re8+ 1-0